000 01007nam0a22002771 4500
001 rc\2821211
005 20250529195806.0
035 _a(NLR Aleph) 006979631
090 _a5518255
_c5518255
100 _a20110622d1932 |||y0rusy50 ca
101 0 _arus
102 _aRU
105 _ay z |||||
200 1 _aСгоночь
_eРоман
_fКонст. Большаков
205 _a3-е изд.
210 _aМосква
_cФедерация
_d1932
_g"Интернациональная" тип.
215 _aПапка, 287 с., 1 с. объявл.
_d20х14 см
300 _aПапка: Соколов-Скаля
700 1 _aБольшаков
_bК.А.
_f1895-1938
_gКонстантин Аристархович
702 1 _4570
_aСоколов-Скаля
_bП. П.
_cхудожник
_f1899-1961
_gПавел Петрович
_9218802
_3RU\NLR\AUTH\770218858
801 0 _aRU
_bNLR
_gpsbo
801 1 _aRU
_bELAR
_2rusmarc
852 _aNLR
_j32-1/1401
942 _cBOOK
980 _aNB